| 000 | 00544nam a2200181 a 4500 | ||
|---|---|---|---|
| 001 | 4148 | ||
| 005 | 20140414131934.0 | ||
| 008 | 090331s19uu xx 00 eng d | ||
| 020 | _a1-58185-006-9 | ||
| 050 |
_aREF 577.34 _bM55 1998 |
||
| 100 | _aMertiny, Andrea | ||
| 245 |
_aRain forest / _cby Andrea Mertiny ; illustrated by Reiner Zieger and Gerry Scot. |
||
| 260 |
_aNuremberg, Germany : _bTessloff Pub., _cc1998. |
||
| 300 | _a48 p. : col. ill. ; 29 cm. | ||
| 440 | _aStart me up! ; v. 6 | ||
| 500 | _aIncludes index | ||
| 999 |
_c112341 _d112341 |
||